Surov put do blagostanja.

Udalosti vo východnej Európe dokazujú, že len súkromné vlastníctvo dokáže byť rozhodujúcou podmienkou fungujúceho hospodárstva. Privatizácia v NDR, Poľsku, Maďarsku a v Juhoslávii. Situácia je tam katastrofálna: nerentabilné podniky, korupcia, rozkrádanie. Na základe lacných surovín zo ZSSR vybudova...

Descrizione completa

Salvato in:
Dettagli Bibliografici
Autore principale: Mitrovic, M.
Natura: Capitolo di libro
Lingua:serbo
Soggetti:
Tags: Aggiungi Tag
Nessun Tag, puoi essere il primo ad aggiungerne!!

MARC

LEADER 00000naa a2200000 4500
001 r002370
005 20220819194740.9
041 0 |a srp 
044 |a [YU] 
245 1 0 |a Surov put do blagostanja.  |c M. Mitrovic 
520 |a Udalosti vo východnej Európe dokazujú, že len súkromné vlastníctvo dokáže byť rozhodujúcou podmienkou fungujúceho hospodárstva. Privatizácia v NDR, Poľsku, Maďarsku a v Juhoslávii. Situácia je tam katastrofálna: nerentabilné podniky, korupcia, rozkrádanie. Na základe lacných surovín zo ZSSR vybudovali plýtvajúcu výrobu. Vôbec si nevšímali vysoko efektívne fínské hospodárstvo. 
610 2 0 |a vlastníctvo súkromné 
610 2 0 |a privatizácia 
610 2 0 |a efektívnosť ekonomická 
610 2 0 |a východná Európa 
100 1 |a Mitrovic, M.